000 00532 a2200169 4500
003 OSt
005 20240801150656.0
008 231018b |||||||| |||| 00| 0 eng d
020 _a9788195588206
040 _coclc
082 _a297
_bMAN/F
100 _aManham, Abdullah
_97867
245 _aFRONTLINE TRANSLATORS THEIR LIVES AND LEGACIES /
_cCompiled and edited by Abdullah Ahmed Manham
260 _bArabian Book house,
_akottakkal:
_c2022.
300 _a159p
942 _2ddc
_cBK
_h297
_iMAN/F
_k297
_mMAN/F
999 _c42696
_d42696